| 000 | 00898cam a2200325 i 4500 | ||
|---|---|---|---|
| 001 | 4670513 | ||
| 003 | OSt | ||
| 005 | 20140310182702.0 | ||
| 008 | 800313s1979 at b 000 0 eng | ||
| 010 | _a 80457002 | ||
| 015 | _aAus*** | ||
| 020 | _a0553227742 | ||
| 040 |
_aDLC _cDLC _dDLC |
||
| 050 | 0 | 0 |
_aTK 9153 _b.C146 1982 |
| 082 | 0 | 0 |
_aM 363.799 _bC12 1982 |
| 100 | 1 | _aCaldicott, Helen. | |
| 245 | 1 | 0 |
_aNuclear madness _cCaldicott, Helen |
| 260 |
_aNew York, NY : _bBantam Books Inc., _cc1982. |
||
| 300 |
_a125 p. ; _c17 cm. |
||
| 504 | _aBibliography: p. 111-120. | ||
| 521 | _aCollege Students | ||
| 526 | _c1210L-1700L | ||
| 541 | _j1 | ||
| 562 | _e1 | ||
| 650 | 0 | _aNuclear energy. | |
| 700 | 1 |
_aHerrington, Nancy, _ejoint author. |
|
| 700 | 1 |
_aStiskin, Nahum, _d1945- _ejoint author. |
|
| 906 |
_a7 _bcbc _corignew _d4 _encip _f19 _gy-gencatlg |
||
| 942 |
_2lcc _cBK _kM |
||
| 999 |
_c15177 _d15177 |
||